| 000 | 00563nam a2200229Ia 4500 | ||
|---|---|---|---|
| 003 | OSt | ||
| 005 | 20220918200951.0 | ||
| 006 | a|||||r|||| 00| 0 | ||
| 007 | ta | ||
| 008 | 220917b |||||||| |||| 00| 0 eng d | ||
| 024 | _a91,032 | ||
| 037 | _cTextual | ||
| 040 |
_aARTS _cARTS _beng |
||
| 041 |
_2eng _aeng |
||
| 082 | _aVwM23, K0.1-.2 | ||
| 100 | _aParkman Francis | ||
| 245 | 0 | _aLetters ed by Wilbur R Jacobs | |
| 260 | _c1960 | ||
| 650 | _aHISTORY | ||
| 942 |
_hVwM23, K0.1-.2 _cTEXL _2CC |
||
| 999 |
_c214692 _d214692 |
||